00622nam a2200193 a 450000100100000000500170001000800410002702000150006804000250008308200200010810000320012824500460016026000360020630000280024250000640027050000430033465000240037765000270040100001192120240412074228.0091102s2004 dr a 000 j spa d a9993479004 aDO-SdBNPbspacBNPHU aRD863.44bC745c1 aConde Sturla, Pedro,d1945-14aLos cuentos negros /cPedro Conde Sturla. aSanto Domingo :bBúho,c2004. a132 p. :bil. ;c22 cm. aIncluye datos biográficos del autor en la contracubierta. aIncluye notas al pie de las páginas. 0aCuentos dominicanos 0aLiteratura dominicana.